000 00761 a2200229 4500
003 OSt
005 20180116182923.0
008 170731b xxu||||| |||| 00| 0 eng d
020 _a0
040 _c0
082 _a332.0917 USM 2007
100 1 _aMuhammad Taqi Usmani
245 1 0 _aAn Introduction To Islamic Finance
_cMuhammad Taqi Usmani
260 _aKarachi Pakistan
_bMaktaba Ma'ariful Qura'n
_c2003.
300 _a246 p.
_bHB
440 _aAn Introduction To Islamic Finance
490 1 _aParco.
520 _a331-page hardcover book with dust jacket and attached cloth ribbon marker.
830 0 _aParco.
856 4 0 _3Amazon.com
_uhttp://www.amazon.com/exec/obidos/ASIN/9698625127/chopaconline-20
942 _aNBS
_cBK
_k332.0917 USM 2007
_2ddc
999 _c348514
_d348514